00801nam a22002057a 450000500170000001000150001702000260003203500140005803700090007208200130008110000240009424500700011825000060018826000480019427001330024230000210037594200240039699900190042095201560043920241001123012.0 aENG-141848 a9789393757234c200.00 aEN-125380 bDBAD a230.221 aRaje, Sonali972248 aThe Empress of Indraprastha:bEntering Kuruvansh/cBy Sonali Raje a1 bVishwakarma Publicationsc2022aMaharashtra a34A/1, Suyog Center, 7th floor, Gultekedi Marketyard Road, Giridhar Bhavan Chowk, e411037bPuneminfo@vpindia.co.ink9168682200 a142p.c22cm (pb) 2ddccENh230.2mRAJ c206040d206040 001040708NFICaBL1bBL1d2024-10-01eDelivery of Books Act Divisiong200.00l0o230.2 RAJpEN-125380r2024-10-01 00:00:00t1v200.00w2024-10-01yEN